Les Champions de France de hockey sur glace - Statistiques

Statistiques générales
  • Ce quiz a été pris 94 fois
    18 depuis la dernière actualisation
  • Le résultat moyen est 69 sur 103
Statistiques - réponses
Années Clubs vainqueurs % Correct
1981 | 1982 | 1991 CSG Grenoble
94%
1936 | 1938 | 1989 Français Volants de Paris
94%
2019 | 2022 | 2025 Grenoble
94%
2007 | 2009 Grenoble MH 38
94%
1998 HC Grenoble Isère
94%
2023 | 2024 Rouen
94%
1990 | 1992 | 1993 | +2 others Rouen HC
94%
2001 | 2003 | 2006 | +8 others Rouen HE
94%
1935 Stade Français Paris
94%
2026 Bordeaux
82%
1953 Paris Université Club
82%
1908 | 1912 | 1913 | 1914 Patineurs de Paris
82%
1950 | 1951 Racing Club de Paris
82%
1934 Rapides de Paris
82%
1920 Skating Club Paris
82%
1921 | 1922 | 1926 Sports d’Hiver Paris
82%
1932 | 1933 Stade Français Paris
82%
1956 CP Lyon
71%
2015 | 2017 Gap
71%
1977 | 1978 Gap HC
71%
2004 HC Amiens
71%
1999 HC Amiens Somme
71%
1907 Sporting Club de Lyon
71%
1923 | 1924 | 1925 | +27 others Chamonix HC
59%
2014 Briançon
47%
1987 | 1988 HC Mont Blanc
35%
1980 ASG Tours
29%
1996 | 1997 HC Brest
29%
2005 Mulhouse
29%
2000 | 2002 HC Reims
18%
1969 | 1974 | 1975 | +3 others HC Saint Gervais
18%
1984 CS Megève
12%
1957 | 1960 | 1962 ACBB
0%
Aucun quiz correspondant
Distribution des résultats
% des personnes avec chaque résultat
Percentile par nombre de réponses
Votre historique - résultats
Vous n’avez pas pris ce quiz depuis la dernière actualisation